Soccer Logos from the Last 10 Years - Statistics

General Stats
  • This quiz has been taken 700 times
    180 since last reset
  • The average score is 15 of 20
Answer Stats
Picture Answer % Correct
Aston Villa
99%
Inter Milan
99%
Juventus
99%
Manchester City
99%
West Ham United
93%
Lille
91%
Fiorentina
87%
Norwich City
84%
Nantes
83%
Girona
81%
Seattle Sounders
81%
Genoa
80%
Al-Nassr
79%
Sydney FC
78%
Genk
75%
Chicago Fire
70%
Metz
66%
Montréal
46%
Club León
18%
HD Ulsan
12%
No matching quizzes found
Score Distribution
Percent of People with Each Score
Percentile by Number Answered
Your Score History
You have not taken this quiz since the last reset